Introductory economics (Record no. 23689)

MARC details
000 -LEADER
fixed length control field 00259nam a2200109Ia 4500
082 ## - DEWEY DECIMAL CLASSIFICATION NUMBER
Classification number 033
Item number WYK
100 ## - MAIN ENTRY--AUTHOR NAME
Personal name WYKSTRA, R A
245 #0 - TITLE STATEMENT
Title Introductory economics
260 ## - PUBLICATION, DISTRIBUTION, ETC. (IMPRINT)
Place of publication New York
Name of publisher Harper
Year of publication 1971
942 ## - ADDED ENTRY ELEMENTS (KOHA)
Koha item type Books
Holdings
Withdrawn status Lost status Damaged status Not for loan Home library Current library Date acquired Full call number Accession Number Koha item type
        RRII Library RRII Library 16/12/2021 033 WYK 04387 Books